|
|
|
|
| LEADER |
00608cam a2200169 7i4500 |
| 001 |
0000044337 |
| 005 |
20130301090000.0 |
| 020 |
|
|
|a 9794614505 (pbk.)
|
| 090 |
0 |
0 |
|a JQ778
|b .M47 2004
|
| 100 |
1 |
|
|a Mendoza, Democrito T
|
| 245 |
1 |
0 |
|a Kampanye isu dan cara melobi
|c Democrito T. Mendoza ; kata pengantar, Munir.
|
| 260 |
|
|
|a Jakarta:
|b Yayasan Obor Indonesia,
|c 2004.
|
| 300 |
|
|
|a xxvi, 108 p.;
|c 21 cm.
|
| 650 |
0 |
0 |
|a Indonesia --
|x Politics and government --
|y 1998-
|
| 650 |
0 |
0 |
|a Political campaign --
|z Indonesia
|
| 997 |
|
|
|a Centre for Graduate Studies
|
| 999 |
|
|
|a 0000051736
|b BOK
|c OPEN SHELF
|e 1st Floor, Bestari Jaya
|